Super, Who or Lock? Quiz Stats

 Plays Quiz not verified by Sporcle

Score 0/45 Timer 02:00
0 Plays Today
Episode Series % Correct
The End of the World???
74.4%
The Hounds of Baskerville???
70.3%
Red Sky at Morning???
69.6%
Love & Monsters???
69%
Fear Her???
68.7%
A Scandal in Belgravia???
67.4%
Point of No Return???
66.7%
Army of Ghosts???
66.3%
The Blind Banker???
65.4%
In the Beginning???
65.3%
Death's Door???
65.2%
The Unicorn and the Wasp???
64.7%
Family Remains???
63.4%
The Great Game???
63.2%
Time Is on My Side???
63%
A Good Man Goes to War???
61.7%
Midnight???
61%
The Reichenbach Fall???
59.9%
Torn and Frayed???
58.8%
Blade Runners???
58.4%
The Empty Hearse???
58.3%
Trial and Error???
58.2%
Abandon All Hope???
58.1%
Episode Series % Correct
Hide???
57.2%
After School Special???
56.9%
The Sign of Three???
56.7%
The Family of Blood???
55.7%
Two Minutes to Midnight???
55.6%
The Third Man???
54.9%
The End???
54%
Long Distance Call???
53.8%
Metamorphosis???
51.8%
Everybody Hates Hitler???
51.4%
Human Nature???
51.4%
Partners in Crime???
49.7%
Sharp Teeth???
49.7%
His Last Vow???
49.2%
Flesh and Stone???
48.9%
The Power of Three???
48.8%
School Reunion???
48.2%
The Lodger???
45.8%
Goodbye Stranger???
45.6%
Cold Blood???
45%
Closing Time???
44%
Many Happy Returns???
26.7%

You're not logged in!

Compare scores with friends on all Sporcle quizzes.
OR
Log In

Show Comments

Extras

Top Quizzes Today


Score Distribution

Your Account Isn't Verified!

In order to create a playlist on Sporcle, you need to verify the email address you used during registration. Go to your Sporcle Settings to finish the process.

Report this User

Report this user for behavior that violates our Community Guidelines.

Details: